South Eastern Kenya University

Library Online Public Access Catalogue


Physical chemistry (Record no. 2080)

MARC details
000 -LEADER
fixed length control field 00504nam a22001697a 4500
020 ## - ISBN
International Standard Book Number 9788122420388
050 ## - LIBRARY OF CONGRESS CALL NUMBER
Classification Number QD453.2
Item Number .S56 2009
100 ## - MAIN ENTRY--Author
Personal name Singh, N. B.,
245 ## - TITLE
Title Physical chemistry
250 ## - EDITIONSTATEMENT
Edition statement 2nd ed.
260 ## - PUBLICATION, DISTRIBUTION, ETC.(IMPRINT)
Place of publication, distribution, etc New Delhi :
Name of publisher, distributor, etc New Age International (P) Limited Publishers,
Date of publication, distribution, etc 2007.
300 ## - PHYSICAL DESCRIPTION
Extent ix, 591 p. :
500 ## - GENERALNOTE
General note ill. ; 24 cm.
650 ## - SUBJECT--TOPIC
Topical term following geographic name as entry element Chemistry, Physical and theoretical.
Form subdivision Book :
General subdivision English :
700 ## - ADDED ENTRY--PERSONAL AUTHOR
Personal Name Prof.; Das, Shiva Saran; Singh, Ram Ji
942 ## - ADDED ENTRY ELEMENTS(KOHA)
Koha item type General circulation
Holdings
Source of classification or shelving scheme Not for loan Location (home branch) Sublocation (holding branch) Date accessioned Cost, normal purchase price Full call number Barcode Cost, replacement price Koha item type Public note
Library of Congress Classification   Main Campus Library Main Campus Library 27/08/2014 813.45 QD 453.2 .S56 2009 2019/023892 1313.00 General circulation leo
Kitui, Kenya.
+254736116989
library@seku.ac.ke